000 00318nam a22001337a 4500
008 171030b xxu||||| |||| 00| 0 eng d
020 _a9780136015000
041 _aeng
080 _a33
100 _a58
101 _aBUS
245 _aCONTEMPORARY BUSINESS AND ONLINE COMMERCE LAW
_cCHEESEMAN, H.R
942 _2udc
_cBK
999 _c36496
_d36496